U.S. Cities with the Best Liberal Arts Colleges - Statistics

General Stats
  • This quiz has been taken 49 times
  • The average score is 12 of 20
Answer Stats
Rank College City State % Correct
2 Amherst College Amherst MA
95%
11 Barnard College New York NY
91%
11 Middlebury College Middlebury VT
82%
3 United States Naval Academy Annapolis MD
80%
7 United States Air Force Academy Colorado Springs CO
75%
4 Wellesley College Wellesley MA
75%
8 United States Military Academy West Point NY
73%
4 Pomona College Claremont CA
70%
11 Claremont McKenna College Claremont CA
70%
16 Harvey Mudd College Claremont CA
70%
16 Davidson College Davidson NC
68%
4 Swarthmore College Swarthmore PA
68%
11 Grinnell College Grinnell IA
61%
1 Williams College Williamstown MA
59%
16 Vassar College Poughkeepsie NY
55%
9 Bowdoin College Brunswick ME
32%
16 Smith College Northampton MA
30%
11 Wesleyan University Middletown CT
25%
9 Carleton College Northfield MN
18%
16 Hamilton College Clinton NY
14%
No matching quizzes found
Score Distribution
Percent of People with Each Score
Percentile by Number Answered
Your Score History
You have not taken this quiz